Music Quiz

Random Music or Decade Quiz

Complete the '00s Song... With a Picture Quiz Stats

 Plays Quiz Updated Jul 24, 2018

Score 0/20 Timer 05:00
16 Plays Today
% Correct
Get the PARTY Started
95%
Boulevard of
BROKEN Dreams
92.8%
The Real SLIM Shady
90.9%
CRY Me A River
90.5%
CANDY Shop
89.6%
Jesus, Take the WHEEL
89.2%
Stacy's MOM
88.2%
Can't Get You
Out of My HEAD
87.7%
Dirt Off Your SHOULDER
86.1%
Paper PLANES
84.2%
% Correct
I'm Like a BIRD
82.1%
Gold DIGGER
81.9%
Can't FIGHT the Moonlight
80.2%
Ms. JACKSON
79.3%
POKER Face
77.8%
Teardrops on My GUITAR
77%
DROP It Like It's Hot
75.1%
Drops of JUPITER
74.3%
BLEEDING Love
59.4%
A Thousand MILES
56.8%

You're not logged in!

Compare scores with friends on all Sporcle quizzes.
OR
Log In

You Might Also Like...

Show Comments

Extras

Top Quizzes Today


Score Distribution

Your Account Isn't Verified!

In order to create a playlist on Sporcle, you need to verify the email address you used during registration. Go to your Sporcle Settings to finish the process.

Report this User

Report this user for behavior that violates our Community Guidelines.

Details: